000 00673nam a2200253Ia 4500
003 OSt
005 20220918163503.0
006 a|||||r|||| 00| 0
007 ta
008 220917b |||||||| |||| 00| 0 eng d
020 _a0048000442 (hbk)
024 _a10,535
037 _cTextual
040 _aARTS
_cARTS
_beng
041 _2eng
_aeng
082 _aO111,1J52,1:g, M9
100 _aTonkin Humphrey
_913413
245 0 _aFaerie Queene
260 _aLondon
_bUnwin Hyman
_c1989
490 _aUnwin critical library
650 _aENGLISH LITERATURE
942 _hO111,1J52,1:g, M9
_cTEXL
_2CC
999 _c119824
_d119824